00237nam a22000857a 4500082001500000100001600015245006800031260004300099300000900142 a339.46 SAN aWang Sangui aPoverty alleviation in contemporary chinacWang Sangui (editor) aBeijingbChina Renmin University Press a298p